000 00778nam a2200253Ia 4500
001 21937
005 20260320113326.0
008 260320s9999||||xx |||||||||||||| ||und||
020 _a9786123262419
041 _aESP
082 _a333.31985
_bC25
100 _aCant, Ana,
_eAUT
245 0 _aTierra sin patrones :
_breforma agraria y cambio político (1969-1975)
246 _a
_5
_b
260 _aLima :
_bInsituto de Estudios Peruanos,
_c2023
300 _a307 páginas :
_bilustraciones ;
_c23 cm.
_e
440 _a(Estudios históricos
_nnúmero 94)
_v
650 _aCIS
653 _aReforma agraria peruana
654 _aCHU
700 _a
_c
856 _uhttps://www-jstor-org.ucsp.lookproxy.com/
_zVéase además: Base de datos JSTOR
942 _cLIB
_dJUS
_fMIP
_2ddc
_n
999 _c21937
_d21937